Most Used Coding Languages - Statistics

General Stats
  • This quiz has been taken 11 times
  • The average score is 7 of 15
Answer Stats
Ratings Language % Correct
7.94% Java
100%
11.55% C
91%
7.92% C++
91%
5..41% C#
91%
19.98% Python
91%
3.08% JavaScript
64%
1.77% R
64%
1.15% PHP
18%
1.14% Rust
18%
1.57% SQL
18%
1.44% Delphi
9%
1.22% Fortran
9%
1.18% Perl
9%
1.18% Scratch
9%
2.90% Visual Basic
9%
No matching quizzes found
Score Distribution
Percent of People with Each Score
Percentile by Number Answered
Your Score History
You have not taken this quiz